Detalles MARC
| 000 -LIDER |
| fixed length control field |
01534nam a22003977a 4500 |
| 001 - NÚMERO DE CONTROL |
| Identificador de número de control |
000749 |
| 003 - IDENTIFICACDOR DE NÚMERO DE CONTROL |
| control field |
DO-SdBPM |
| 005 - DATE AND TIME OF LATEST TRANSACTION |
| control field |
20260528123409.0 |
| 007 - CAMPOS FIJOS DE DESCRIPCIÓN FÍSICA |
| fixed length control field |
ta |
| 008 - ELEMENTOS DE LONGITUD FIJA |
| fixed length control field |
161125b1996 sp a || |||| 00| 0 spa d |
| 020 ## - ISBN |
| International Standard Book Number |
8422659069 |
| 040 ## - FUENTE DE CATALOGACIÓN |
| Agencia que crea de manera original el registro |
DO-SdBPM |
| Idioma de catalogación |
spa |
| Agencia que realiza la transcripción |
BPMSU |
| Convenciones de la despripción |
rda |
| 041 17 - CÓDIGOS DE OBRAS TRADUCIDAS O EN VARIOS IDIOMAS |
| Código del idioma del texto/archivo de sonido o separata |
spa |
| Cód. del idioma original y/o traducciones intermedias del texto |
eng |
| 082 04 - NÚMERO DE CLASIFICACIÓN DECIMAL DE DEWEY |
| Classification number |
833.91 |
| Item number |
N898d 1996 |
| Edition number |
22 |
| 100 1# - ASIENTO PRINCIPAL -- NOMBRE PERSONAL |
| Nombre personal |
Nöstlinger, Christine, |
| Fechas asociadas con el nombre |
1936- |
| Término de relación |
aut. |
| Mención de responsabilidad |
autor |
| 245 10 - MENCIÓN DE TITULO |
| Título |
Diario secreto de Susi ; |
| Subtítulo |
Diario secreto de Paul / |
| Mención de responsabilidad |
Christine Nöstlinger ; traducción de Marinella Terzi ; ilustraciones de Christine Nöstlinger Jr. ; rotulaciones Javier Vásquez. |
| 246 1# - VARIACION DEL TÍTULO |
| Título propiamente dicho o título corto |
Diario secreto de Paul. |
| 264 ## - PRODUCTION, PUBLICATION, DISTRIBUTION, MANUFACTURE, AND COPYRIGHT NOTICE |
| Place of production, publication, distribution, manufacture |
Madrid : |
| -- |
SM, |
| Name of producer, publisher, distributor, manufacturer |
Círculo de Lectores, |
| Date of production, publication, distribution, manufacture, or copyright notice |
1996. |
| 300 ## - DESCRIPCIÓN FÍSICA |
| Extensión |
64, 64 páginas : |
| Otros detalles físicos |
ilustraciones ; |
| Dimensiones |
19 cm. |
| 336 ## - CONTENT TYPE |
| Content type term |
texto |
| Content type code |
txt |
| Source |
rdacontent |
| 337 ## - MEDIA TYPE |
| Media type term |
sin mediación |
| Media type code |
n |
| Source |
rdamedia |
| 338 ## - CARRIER TYPE |
| Carrier type term |
volumen |
| Carrier type code |
nc |
| Source |
rdacarrier |
| 490 0# - MENCIÓN DE SERIES |
| Mención de serie |
El barco de vapor |
| 500 ## - NOTA GENERAL |
| Nota general |
Traducción de: Susis geheimes tagebuch ; Pauls geheimes |
| 534 ## - NOTA SOBRE LA VERSIÓN ORIGINAL |
| Mención del título original |
Suis geheimes tagebuch ; Pauls geheimes tagebuch. |
| Frase introductoria |
Título original. |
| 563 ## - INFORMACIÓN DE LA ENCUADERNACIÓN |
| Nota de la encuadernación |
Dos obras encuadernadas juntas con paginación invertida |
| 590 ## - NOTA LOCAL |
| Texto de la nota local |
Inventariado, 2026/VM |
| 650 ## - ENCABEZAMIENTO DE MATERIA--TEMÁTICO |
| Término temático o nombre geográfico como elemento de entrada |
Cuentos infantiles alemanes. |
| 700 1# - ASIENTO SECUNDARIO -- NOMBRE PERSONAL |
| Nombre personal |
Terzi, Marinella, |
| Fechas asociadas con el nombre |
1958- |
| Mención de responsabilidad |
traductor |
| 700 1# - ASIENTO SECUNDARIO -- NOMBRE PERSONAL |
| Nombre personal |
Nöstlinger, Christine, |
| Mención de responsabilidad |
ilustración |
| 700 1# - ASIENTO SECUNDARIO -- NOMBRE PERSONAL |
| Nombre personal |
Vazquez, Javier. |
| 740 02 - ASIENTO SECUNDARIO DE TÍTULOS RELACIONADOS O ANALÍTICOS NO CONTROLADOS |
| Título analítico o relacionado no controlado |
Diario secreto de Paul. |
| 942 ## - ADDED ENTRY ELEMENTS (KOHA) |
| Source of classification or shelving scheme |
Dewey Decimal Classification |
| Koha item type |
Libros |
| 945 ## - INFORMACIÓN DE PROCESAMIENTO LOCAL |
| Información de procesamiento local |
Inventariado, 2018 / BT |
| 956 ## - LOCAL ELECTRONIC LOCATION AND ACCESS (OCLC) |
| Método de acceso |
LOPEREZ |
| Materiales especificados |
10 |
| Enlace |
20161125 |
| Campo enlazado y núm. de secuencia |
BPMSU |
| Nombre de host |
00041 |